| 000 | 00815nam a2200241 a 4500 | ||
|---|---|---|---|
| 001 | 1262 | ||
| 003 | BR-CuiBMT | ||
| 005 | 20231202184719.0 | ||
| 008 | 230725s2015 peba 100 0 por d | ||
| 020 | _a9788568825006 | ||
| 040 |
_aBR-CuiBMT _cBR-CuiBMT |
||
| 080 |
_a351.94:336.148 _x(81) _22007 |
||
| 090 |
_a351.94:336.148(81) _bA849d |
||
| 110 | 1 | _aAssociação dos Membros dos Tribunais de Contas do Brasil. | |
| 111 | _c | ||
| 245 | 1 | 0 |
_aDiretrizes para o aprimoramento dos tribunais de contas do Brasil : _bresoluções da Atricon / _cAssociação dos Membros dos Tribunais de Contas do Brasil. |
| 260 |
_aRecife : _bATRICON, _c2015. |
||
| 300 |
_a186 p. ; _c24 cm |
||
| 650 |
_aTribunal de contas _zBrasil |
||
| 650 |
_aControle externo _zBrasil |
||
| 650 |
_aControle interno _zBrasil |
||
| 942 |
_2udc _cLV |
||
| 999 |
_c1262 _d1262 |
||